000 00539nam a2200217Ia 4500
003 OSt
005 20221005131202.0
006 a|||||r|||| 00| 0
007 ta
008 221004b |||||||| |||| 00| 0 eng d
024 _a119997
037 _cTextual
040 _aCRL
_cCRL
_beng
041 _2eng
_aeng
100 _aShukl Shatrughan Lal
_9639224
245 0 _aShekespears ke Natko ki Kathe
260 _c1976
650 _aHINDI LITERATURE
_923866
942 _cTEXL
_2cc
999 _c1059588
_d1059588